000
00272nam a2200109Ia 4500
001
1262008
005
20260417140403.0
008
260417s9999 xx 000 0 und d
020
_a
9789752898981
245
0
_a
Aylaklar
_c
Melih Cevdet Anday
260
_b
Everest Yayınları
999
_c
1262008
_d
1262008